ICSub/C (Record no. 104537)

MARC details
000 -LEADER
fixed length control field 01319cam a2200277 4500
001 - CONTROL NUMBER
control field ##L130723
008 - FIXED-LENGTH DATA ELEMENTS--GENERAL INFORMATION
fixed length control field 050825n2005 000 0 eng u
020 ## - INTERNATIONAL STANDARD BOOK NUMBER
International Standard Book Number 0418827303
035 ## - SYSTEM CONTROL NUMBER
System control number (Sirsi) u130723
041 0# - LANGUAGE CODE
Language code of text/sound track or separate title eng
050 04 - LIBRARY OF CONGRESS CALL NUMBER
Classification number 692.8 $2 18
110 2# - MAIN ENTRY--CORPORATE NAME
Corporate name or jurisdiction name as entry element Joint Contracts Tribunal
9 (RLIN) 3664
240 00 - UNIFORM TITLE
Uniform title ICSub/C 05
245 00 - TITLE STATEMENT
Title ICSub/C
Remainder of title Intermediate Sub-Contract Conditions 2005
260 ## - PUBLICATION, DISTRIBUTION, ETC.
Place of publication, distribution, etc. London
Name of publisher, distributor, etc. Sweet and Maxwell
Date of publication, distribution, etc. 2005
300 ## - PHYSICAL DESCRIPTION
Extent iv, 48p.
Dimensions 30cm.
350 ## - PRICE (NR) (BK AM CF MU VM SE) [OBSOLETE]
Price 26.95
490 #0 - SERIES STATEMENT
Series statement JCT Intermediate Subcontract Conditions (2005 Edition)
520 ## - SUMMARY, ETC.
Summary, etc. Appropriate for use with the JCT Intermediate Building Contract (2005 Edition) for subcontract works which the subcontractor is not designing. The contract can be used where the works are to be carried out in sections, on an adjusted subcontract sum basis or complete remeasurement. This form is not suitable where the subcontractor is to design any part of the subcontract works or is named in the main contract.
650 24 - SUBJECT ADDED ENTRY--TOPICAL TERM
Topical term or geographic name entry element JCT INTERMEDIATE SUBCONTRACT CONDITIONS (2005 EDITION)
650 24 - SUBJECT ADDED ENTRY--TOPICAL TERM
Topical term or geographic name entry element JCT INTERMEDIATE BUILDING CONTRACT (2005 EDITION)
651 #4 - SUBJECT ADDED ENTRY--GEOGRAPHIC NAME
Geographic name United Kingdom
Chronological subdivision
690 ## - LOCAL SUBJECT ADDED ENTRY--TOPICAL TERM (OCLC, RLIN)
Topical term or geographic name as entry element BUILT ENVIRONMENT-BUILDING CONTRACT FORMS-STANDARD FORMS OF BUILDING CONTRACT-JOINT CONTRACTS TRIBUNAL CONTRACTS
942 ## - ADDED ENTRY ELEMENTS (KOHA)
Suppress in OPAC 0
Holdings
Withdrawn status Lost status Source of classification or shelving scheme Damaged status Not for loan Home library Current library Shelving location Date acquired Cost, normal purchase price Total Checkouts Full call number Barcode Date last seen Copy number Cost, replacement price Price effective from Koha item type
    Dewey Decimal Classification     London London Boxed set 19/05/2006 31.67   JCT 2005/35 30072773 06/08/2019 1 31.67 06/08/2019 Reference material